|
|
|
|
| LEADER |
00829cam a2200229 7i4500 |
| 001 |
0000017647 |
| 005 |
20170218090000.0 |
| 008 |
070829 eng |
| 020 |
|
|
|a 9780131275379
|
| 020 |
|
|
|a 0131275372 (pbk.)
|
| 040 |
|
|
|a UiTM
|
| 090 |
0 |
0 |
|a HD9987.A2
|b S47 2005
|
| 245 |
0 |
0 |
|a Services marketing in Asia :
|b managing people, technology, and strategy
|c Christpher Lovelock...[et al.].
|
| 250 |
|
|
|a 2nd ed.
|
| 260 |
|
|
|a Singapore:
|b Pearson,
|c 2005.
|
| 300 |
|
|
|a xxiv, 696 p.:
|b ill.;
|c 24 cm.
|
| 504 |
|
|
|a Includes bibliographical references and index
|
| 650 |
0 |
0 |
|a Professions --
|x Marketing --
|z Asia
|
| 650 |
0 |
0 |
|a Service industries --
|x Marketing --
|z Asia
|
| 700 |
1 |
|
|a Lovelock, Christopher
|
| 997 |
|
|
|a Business & Accountancy, Faculty
|
| 999 |
|
|
|a 0000019623
|b BOK
|c OPEN SHELF
|e 1st Floor, Bestari Jaya
|